[Event "Lleida op"]
[Site "Lleida"]
[Date "2016.06.18"]
[Round "9.4"]
[White "Diaz Lara, Raul"]
[Black "Degracia Burgues, Jose A"]
[Result "1-0"]
[WhiteElo "1939"]
[BlackElo "1848"]
[PlyCount "105"]
[EventDate "2016.04.23"]
[EventType "swiss"]
[EventRounds "9"]
[EventCountry "ESP"]
[SourceTitle "EXT 2024"]
[Source "ChessBase"]
[SourceDate "2023.10.10"]
[SourceVersion "1"]
[SourceVersionDate "2023.10.10"]
[SourceQuality "1"]

1. e4 c5 2. Nf3 Nc6 3. d4 cxd4 4. Nxd4 a6 5. c4 e6 6. Nc3 d6 7. Nxc6 bxc6 8. Be2 Be7 9. 0-0 Nf6 10. Qd3 0-0 11. Rd1 Bb7 12. Qg3 Kh8 13. e5 Ne8 14. Ne4 d5 15. Be3 Qc7 16. Nc5 g6 17. Rac1 Ng7 18. cxd5 exd5 19. Bd4 Kg8 20. Qc3 Nf5 21. Nxb7 Nxd4 22. Qxd4 Qxb7 23. b3 Rac8 24. Rc3 Bd8 25. Rh3 f6 26. e6 f5 27. Rc1 Bf6 28. Qa4 a5 29. Rc5 Qb4 30. Qxa5 Qxa5 31. Rxa5 Rfe8 32. Re3 d4 33. Rf3 Kh8 34. Bc4 Rc7 35. g4 Rg7 36. Kf1 Bd8 37. Rc5 fxg4 38. Rf4 Rc7 39. Rxd4 h5 40. Rf4 Kg7 41. Rf7+ Rxf7 42. exf7 Rf8 43. Rxc6 Bf6 44. Re6 Kxf7 45. a4 Kg7 46. a5 Bd4 47. Re2 h4 48. Kg2 Kh6 49. a6 Kh5 50. Ra2 Ba7 51. h3 Rf3 52. hxg4+ Kxg4 53. Be6+ 1-0

[Event "Lleida op"]
[Site "Lleida"]
[Date "2016.05.28"]
[Round "6.1"]
[White "Diaz Lara, Raul"]
[Black "Ferrer Font, Jordi"]
[Result "1/2-1/2"]
[WhiteElo "1939"]
[BlackElo "1885"]
[PlyCount "86"]
[EventDate "2016.04.23"]
[EventType "swiss"]
[EventRounds "9"]
[EventCountry "ESP"]
[SourceTitle "EXT 2024"]
[Source "ChessBase"]
[SourceDate "2023.10.10"]
[SourceVersion "1"]
[SourceVersionDate "2023.10.10"]
[SourceQuality "1"]

1. e4 c5 2. Nf3 Nc6 3. d4 cxd4 4. Nxd4 e5 5. Nb5 d6 6. Bg5 Nf6 7. Bxf6 gxf6 8. Bc4 a6 9. N5a3 Be6 10. Qh5 Bxc4 11. Nxc4 d5 12. exd5 Qxd5 13. Ne3 Qe6 14. Nd2 0-0-0 15. Ne4 Be7 16. c3 Kb8 17. 0-0 Bd6 18. Qf3 Be7 19. b3 h5 20. Rad1 h4 21. Nf5 Rdg8 22. Nxe7 Nxe7 23. Rd6 Qg4 24. Qxg4 Rxg4 25. Nxf6 Rg6 26. Rfd1 h3 27. g3 Rc8 28. Nd7+ Ka7 29. Nxe5 Rxd6 30. Rxd6 Rxc3 31. Kf1 Rc1+ 32. Ke2 Rh1 33. Rd1 Rxh2 34. Ng4 Rg2 35. Rh1 Nd5 36. Rxh3 Rg1 37. Ne3 Nxe3 38. Kxe3 Ra1 39. Rh7 Rxa2 40. Rxf7 Ra3 41. g4 Rxb3+ 42. Kd2 a5 43. g5 Rb6 1/2-1/2

[Event "Catalunya-chT Gp2"]
[Site "Barcelona"]
[Date "2016.02.06"]
[Round "3.4"]
[White "Diaz Lara, Raul"]
[Black "Mitjavila, Badia Josep"]
[Result "0-1"]
[WhiteElo "1939"]
[BlackElo "2094"]
[PlyCount "102"]
[EventDate "2016.01.23"]
[EventType "team-tourn"]
[EventRounds "7"]
[EventCountry "ESP"]
[SourceTitle "CBM 170 Extra"]
[Source "ChessBase"]
[SourceDate "2016.02.25"]
[SourceVersion "1"]
[SourceVersionDate "2016.02.25"]
[SourceQuality "1"]
[WhiteTeam "Lleida"]
[BlackTeam "Sant Boi"]
[WhiteTeamCountry "ESP"]
[BlackTeamCountry "ESP"]

1. c4 g6 2. g3 Bg7 3. Bg2 c5 4. Nc3 Nf6 5. e4 Nc6 6. Nge2 0-0 7. d3 d6 8. 0-0 Bd7 9. Rb1 a6 10. a3 Rb8 11. b4 e6 12. h3 Qc8 13. b5 Ne7 14. a4 Rd8 15. Kh2 h5 16. f4 Nh7 17. Qe1 d5 18. exd5 exd5 19. Ng1 Re8 20. Qd2 dxc4 21. dxc4 Bf5 22. Rb3 Nf6 23. Bb2 Rd8 24. Nd5 Nexd5 25. cxd5 c4 26. Re3 Bd3 27. Rc1 Qd7 28. Be5 Rbc8 29. Qc3 Ne8 30. Rce1 axb5 31. axb5 Qxb5 32. Ne2 Bf8 33. Nd4 Qb4 34. Ne2 Qxc3 35. Bxc3 Nd6 36. Nc1 Bf5 37. Bf6 Re8 38. Na2 b5 39. Nb4 Rxe3 40. Rxe3 Ne8 41. Bc3 Bc5 42. Re1 Bd7 43. Na6 Bd6 44. Be5 Ra8 45. Bxd6 Nxd6 46. Nc5 Bf5 47. Ne4 Nxe4 48. Bxe4 Ra2+ 49. Kg1 Bxe4 50. Rxe4 Rd2 51. Re8+ Kg7 0-1

[Event "Tarrega Tardor op 1st"]
[Site "Tarrega"]
[Date "2015.10.09"]
[Round "2"]
[White "Serra Soto, Salvador"]
[Black "Diaz Lara, Raul"]
[Result "1/2-1/2"]
[WhiteElo "2125"]
[BlackElo "2007"]
[PlyCount "45"]
[EventDate "2015.10.02"]
[EventType "swiss"]
[EventRounds "8"]
[EventCountry "ESP"]
[SourceTitle "CBM 169 Extra"]
[Source "ChessBase"]
[SourceDate "2015.12.18"]
[SourceVersion "1"]
[SourceVersionDate "2015.12.18"]
[SourceQuality "1"]

1. e4 c5 2. g3 Nc6 3. Bg2 g6 4. Ne2 Bg7 5. 0-0 Nf6 6. d4 cxd4 7. Nxd4 0-0 8. Nc3 d6 9. Nxc6 bxc6 10. e5 dxe5 11. Bxc6 Rb8 12. Rb1 Qb6 13. Nd5 Nxd5 14. Bxd5 Ba6 15. Re1 Rfd8 16. Qf3 e6 17. Be3 Qc7 18. Bc6 Rd6 19. Ba4 Bb7 20. Qe2 Ba6 21. Qf3 Rb4 22. Bb3 Bb7 23. Qe2 1/2-1/2